000 00571nam a2200193 a 4500
001 000009486
005 20240412074211.0
008 090930s1981 dr 000 0 spa d
040 _aDO-SdBNP
_bspa
_cBNPHU
082 _aRD861.44
_bA561p
100 1 _aAndrés, José
_918711
245 1 0 _aPoemas de vida eterna /
_cJosé Andrés.
260 _aSanto Domingo :
_bTele-3,
_c1981.
300 _a63 p. ;
_c21 cm.
590 _aInventariado, 2018/VM
650 0 _aPoesía dominicana
_966
650 0 _aLiteratura dominicana.
_967
910 _aValidado. Control de calidad BNPHU
999 _c9246
_d9246